| Tag |
First Indicator |
Second Indicator |
Subfields |
| LEADER |
00000cam a2200000 a 4500 |
| 001 |
in00001060821 |
| 005 |
20150929104632.0 |
| 008 |
920206s1992 dcua b i000 0 eng |
| 010 |
|
|
|a 92007788
|
| 020 |
|
|
|a 1557752265 :
|c $15.00 ($12.00 full-time faculty members and students at universitites and colleges)
|
| 035 |
|
|
|a (OCoLC)25411927
|
| 035 |
|
|
|9 AFP9452AM
|
| 040 |
|
|
|a DLC
|c DLC
|d TXA
|d UtOrBLW
|
| 043 |
|
|
|a e-cs---
|
| 049 |
|
|
|a TXAM
|
| 050 |
0 |
0 |
|a HC270.282
|b .A34 1992
|
| 082 |
0 |
0 |
|a 339.5/09437
|2 20
|
| 100 |
1 |
|
|a Aghevli, Bijan B.
|
| 245 |
1 |
0 |
|a Stabilization and structural reform in the Czech and Slovak Federal Republic :
|b first stage /
|c Bijan B. Aghevli, Eduardo Borensztein, and Tessa van der Willigen.
|
| 264 |
|
1 |
|a Washington, DC :
|b International Monetary Fund,
|c [1992]
|
| 264 |
|
4 |
|c ©1992
|
| 300 |
|
|
|a vi, 46 pages :
|b color illustrations ;
|c 28 cm.
|
| 336 |
|
|
|a text
|b txt
|2 rdacontent
|
| 337 |
|
|
|a unmediated
|b n
|2 rdamedia
|
| 338 |
|
|
|a volume
|b nc
|2 rdacarrier
|
| 490 |
1 |
|
|a Occasional paper ;
|v 92
|
| 500 |
|
|
|a "March 1992."
|
| 504 |
|
|
|a Includes bibliographical references (page 44).
|
| 651 |
|
0 |
|a Czechoslovakia
|x Economic policy
|y 1989-1992.
|
| 650 |
|
0 |
|a Economic stabilization
|z Czechoslovakia.
|
| 700 |
1 |
|
|a Borensztein, Eduardo.
|
| 700 |
1 |
|
|a Van der Willigen, Tessa.
|
| 830 |
|
0 |
|a Occasional paper (International Monetary Fund) ;
|v no. 92.
|
| 999 |
|
|
|a MARS
|
| 999 |
f |
f |
|s 9445d754-1a9c-39b0-9e13-5c8a4ed5cbd3
|i f89afad1-5fa0-349b-9d3b-079fb2e2b1bd
|t 0
|
| 952 |
f |
f |
|p ric
|a Texas A&M University
|b Rellis Campus
|c Joint Library Facility
|d Remote Storage
|t 0
|e HC270.282 .A34 1992
|h Library of Congress classification
|i unmediated -- volume
|m A14815993566
|
| 998 |
f |
f |
|a HC270.282 .A34 1992
|t 0
|l Remote Storage
|